La telenovela: un género en transformación /

Αποθηκεύτηκε σε:
Λεπτομέρειες βιβλιογραφικής εγγραφής
Κύριος συγγραφέας: Medina Cano, Federico
Μορφή: Κείμενο
Ετικέτες: Προσθήκη ετικέτας
Δεν υπάρχουν, Καταχωρήστε ετικέτα πρώτοι!

MARC

LEADER 00000 a a2200000 04500
001 46676
003
040
100 |a Medina Cano, Federico  
245 |a La telenovela:   |b un género en transformación /  |c Federico Medina Cano  
773 |g número28 ( , 2011), páginas 81-101  
999 |c 39159  |d 39159